[Event "World-chT Rapid"]
[Site "Dusseldorf"]
[Date "2023.08.26"]
[Round "1.10"]
[White "Sadvakasov, Darmen"]
[Black "Kollars, Dmitrij"]
[Result "1/2-1/2"]
[WhiteElo "2629"]
[BlackElo "2628"]
[PlyCount "104"]
[EventDate "2023.08.26"]
[EventType "team-swiss (rapid)"]
[EventRounds "12"]
[EventCountry "GER"]
[SourceTitle "CBM 215 Extra"]
[Source "ChessBase"]
[SourceDate "2023.09.30"]
[SourceVersion "1"]
[SourceVersionDate "2023.09.30"]
[SourceQuality "1"]
[WhiteTeam "Chess Pensioners"]
[BlackTeam "Germany and Friends"]
[WhiteTeamCountry "USA"]
[BlackTeamCountry "GER"]

1. e4 e5 2. Nf3 Nc6 3. Bb5 a6 4. Ba4 Nf6 5. 0-0 Bc5 6. d3 b5 7. Bb3 d6 8. c3 0-0 9. h3 Bb6 10. Nbd2 Ne7 11. Nh4 c5 12. Re1 Be6 13. Nf1 c4 14. Bc2 cxd3 15. Bxd3 Ng6 16. Nxg6 hxg6 17. Be3 Rb8 18. Qd2 d5 19. Bxb6 Rxb6 20. exd5 Qxd5 21. Qe3 Rd6 22. Bc2 Nd7 23. Bb3 Qc6 24. Bxe6 Rxe6 25. Qe4 Qxe4 26. Rxe4 Nc5 27. Ree1 Na4 28. Re2 Rd8 29. Rae1 f6 30. f4 e4 31. Rxe4 Rxe4 32. Rxe4 Nxb2 33. Re6 a5 34. Rc6 Rd1 35. Rc5 Nc4 36. Kf2 Nd6 37. Ne3 Rc1 38. Kf3 f5 39. g4 Nc4 40. Nd5 Rh1 41. gxf5 gxf5 42. Ne7+ Kf7 43. Nxf5 Rxh3+ 44. Kg4 Rxc3 45. Rxb5 Rc2 46. a4 Kf6 47. Ng3 Rg2 48. Rc5 Nd2 49. Rxa5 Nf1 50. Kf3 Rxg3+ 51. Kf2 Rg4 52. Kxf1 Rxf4+ 1/2-1/2

[Event "Asia-chT 16th"]
[Site "Guangzhou"]
[Date "2010.11.20"]
[Round "3"]
[White "Sasikiran, Krishnan"]
[Black "Sadvakasov, Darmen"]
[Result "1/2-1/2"]
[WhiteElo "2688"]
[BlackElo "2627"]
[PlyCount "78"]
[EventDate "2010.11.18"]
[EventType "team-swiss"]
[EventRounds "9"]
[EventCountry "CHN"]
[SourceTitle "CBM 139 Extra"]
[Source "ChessBase"]
[SourceDate "2011.01.05"]
[SourceVersion "1"]
[SourceVersionDate "2011.01.05"]
[SourceQuality "1"]
[WhiteTeam "India"]
[BlackTeam "Kazakhstan"]
[WhiteTeamCountry "IND"]
[BlackTeamCountry "KAZ"]

1. d4 Nf6 2. c4 e6 3. g3 c5 4. d5 exd5 5. cxd5 d6 6. Nc3 g6 7. Bg2 Bg7 8. Nf3 0-0 9. 0-0 a6 10. a4 Re8 11. Nd2 Nbd7 12. h3 Rb8 13. Nc4 Nb6 14. Na3 Bd7 15. e4 Qc7 16. Re1 Nc8 17. Bf1 h6 18. Kh2 Nh7 19. Bd2 g5 20. Qc2 Ne7 21. a5 Bd4 22. f3 Ng6 23. Nc4 h5 24. Ne2 Bf2 25. Rec1 g4 26. Ra3 Bb5 27. Kg2 Bd4 28. hxg4 hxg4 29. Nxd4 cxd4 30. f4 Rbc8 31. b3 Nf6 32. Bd3 Qc5 33. b4 Qc7 34. Qb2 Qe7 35. Qxd4 Bxc4 36. Rxc4 Rxc4 37. Bxc4 Nxe4 38. Re3 f5 39. Bd3 Qh7 1/2-1/2

[Event "Asia rap (Men) 16th"]
[Site "Guangzhou"]
[Date "2010.11.16"]
[Round "9"]
[White "Kasimdzhanov, Rustam"]
[Black "Sadvakasov, Darmen"]
[Result "1/2-1/2"]
[WhiteElo "2685"]
[BlackElo "2627"]
[PlyCount "57"]
[EventDate "2010.11.13"]
[EventType "swiss (rapid)"]
[EventRounds "9"]
[EventCountry "CHN"]
[SourceTitle "EXT 2011"]
[Source "ChessBase"]
[SourceDate "2010.11.26"]
[SourceVersion "1"]
[SourceVersionDate "2010.11.26"]
[SourceQuality "1"]

1. d4 e6 2. c4 c5 3. e3 Nf6 4. Nc3 cxd4 5. exd4 Bb4 6. Nge2 d5 7. a3 Bxc3+ 8. Nxc3 Nc6 9. c5 b6 10. b4 bxc5 11. dxc5 0-0 12. Bg5 h6 13. Bh4 d4 14. Ne4 g5 15. Nxf6+ Qxf6 16. Bg3 e5 17. Bd3 e4 18. Bxe4 Qe6 19. Qe2 Ba6 20. Qxa6 Qxe4+ 21. Kd2 Qxg2 22. Rhg1 Qd5 23. b5 Qf3 24. Rac1 Ne7 25. Qxh6 Rfe8 26. Be5 Qxf2+ 27. Kd3 Qf3+ 28. Kc4 Qe2+ 29. Kb3 1/2-1/2

[Event "Asia rap (Men) 16th"]
[Site "Guangzhou"]
[Date "2010.11.15"]
[Round "5"]
[White "Ghaem Maghami, Ehsan"]
[Black "Sadvakasov, Darmen"]
[Result "0-1"]
[WhiteElo "2593"]
[BlackElo "2627"]
[PlyCount "94"]
[EventDate "2010.11.13"]
[EventType "swiss (rapid)"]
[EventRounds "9"]
[EventCountry "CHN"]
[SourceTitle "EXT 2011"]
[Source "ChessBase"]
[SourceDate "2010.11.26"]
[SourceVersion "1"]
[SourceVersionDate "2010.11.26"]
[SourceQuality "1"]

1. e4 e5 2. Nf3 Nc6 3. Bb5 a6 4. Ba4 Nf6 5. 0-0 Be7 6. Re1 b5 7. Bb3 0-0 8. a4 b4 9. d3 d6 10. c3 Rb8 11. Nbd2 Na5 12. Ba2 c5 13. Nc4 h6 14. d4 cxd4 15. cxd4 b3 16. Nxa5 Qxa5 17. Bxb3 Bg4 18. Bd2 Qb6 19. Bc4 exd4 20. b3 Nd7 21. a5 Qa7 22. h3 Bxf3 23. Qxf3 Ne5 24. Qg3 Nxc4 25. Bxh6 Bf6 26. bxc4 Qc5 27. Bf4 Be5 28. Rec1 Rb4 29. h4 f5 30. Bxe5 dxe5 31. exf5 Rxf5 32. Qd3 Rf4 33. Re1 Rxc4 34. Rxe5 Qxe5 35. Qxc4+ Kh7 36. Qxa6 Rxh4 37. Qd3+ Kh6 38. g3 Rh5 39. Qf3 Rf5 40. Qh1+ Kg6 41. a6 d3 42. Qc6+ Rf6 43. Qa4 d2 44. Qd1 Qd4 45. Qf1 Rxf2 46. Qb1+ Kh6 47. Ra4 d1Q+ 0-1

[Event "Asia rap (Men) 16th"]
[Site "Guangzhou"]
[Date "2010.11.14"]
[Round "3"]
[White "Ganguly, Surya Shekhar"]
[Black "Sadvakasov, Darmen"]
[Result "1-0"]
[WhiteElo "2644"]
[BlackElo "2627"]
[PlyCount "109"]
[EventDate "2010.11.13"]
[EventType "swiss (rapid)"]
[EventRounds "9"]
[EventCountry "CHN"]
[SourceTitle "EXT 2011"]
[Source "ChessBase"]
[SourceDate "2010.11.26"]
[SourceVersion "1"]
[SourceVersionDate "2010.11.26"]
[SourceQuality "1"]

1. d4 Nf6 2. c4 e6 3. Nc3 Bb4 4. f3 d5 5. a3 Bxc3+ 6. bxc3 c5 7. cxd5 Nxd5 8. dxc5 Qa5 9. e4 Ne7 10. Be3 0-0 11. Qb3 Qc7 12. Bb5 Nbc6 13. Ne2 Na5 14. Ng1 Nac6 15. Ne2 Na5 16. Qb4 Nec6 17. Qa4 e5 18. 0-0 Be6 19. Rab1 Rfd8 20. Ng3 Rf8 21. Ne2 Rfd8 22. Ng3 f6 23. Rf2 Ne7 24. Rfb2 Rab8 25. Nf1 Bd7 26. Nd2 Bxb5 27. Rxb5 Nec6 28. Nb3 Nxb3 29. Qxb3+ Qf7 30. Qxf7+ Kxf7 31. Rxb7+ Kg8 32. R7b5 Kf7 33. Rb7+ Ke6 34. Kf2 Rxb7 35. Rxb7 Rd7 36. Rb1 Rd3 37. Rc1 Rd7 38. Rb1 Rd3 39. Rb7 Rd7 40. Rxd7 Kxd7 41. Ke2 a6 42. Kd3 g5 43. h4 h6 44. h5 Nd8 45. c6+ Kxc6 46. Kc4 Ne6 47. a4 Ng7 48. g4 Ne6 49. Bc1 Nc5 50. Ba3 Nd7 51. a5 Nb8 52. Bf8 Kd7 53. Kc5 Nc6 54. Kb6 Nd8 55. Bxh6 1-0

[Event "Foxwoods op"]
[Site "Ledyard"]
[Date "2009.04.12"]
[Round "8"]
[White "Sadvakasov, Darmen"]
[Black "Hess, Robert L"]
[Result "1-0"]
[WhiteElo "2619"]
[BlackElo "2485"]
[PlyCount "99"]
[EventDate "2009.04.08"]
[EventType "swiss"]
[EventRounds "9"]
[EventCountry "USA"]
[SourceTitle "CBM 129 Extra"]
[Source "ChessBase"]
[SourceDate "2009.05.05"]
[SourceVersion "2"]
[SourceVersionDate "2009.05.20"]
[SourceQuality "1"]

1. e4 e5 2. Nf3 Nc6 3. Bb5 a6 4. Ba4 d6 5. c3 Bd7 6. d4 Nge7 7. Bb3 h6 8. a4 Ng8 9. Nbd2 Nf6 10. 0-0 Be7 11. Re1 Bg4 12. h3 Bh5 13. d5 Nb8 14. Nf1 c6 15. Ng3 Bg6 16. Nh4 Bh7 17. Nhf5 0-0 18. a5 Qd7 19. Bc2 Bd8 20. c4 b5 21. axb6 Bxb6 22. Qf3 Qd8 23. Bd2 cxd5 24. cxd5 Nbd7 25. Ba4 Nc5 26. Bc6 Ra7 27. b4 Ne6 28. dxe6 fxe6 29. Qb3 d5 30. Ne3 Nxe4 31. Nxe4 Bxe4 32. Ng4 h5 33. Rxe4 dxe4 34. Qxe6+ Raf7 35. Nxe5 Qxd2 36. Be8 Qxf2+ 37. Kh1 Bd4 38. Bxf7+ Rxf7 39. Nxf7 Qxf7 40. Qxf7+ Kxf7 41. Rxa6 e3 42. Ra2 Ke6 43. g3 Kd5 44. Kg2 Kc4 45. Kf3 Kxb4 46. Ra6 Kc4 47. Ke2 Be5 48. Rg6 Kd4 49. Rg5 Ke4 50. h4 1-0

[Event "Foxwoods op"]
[Site "Ledyard"]
[Date "2009.04.09"]
[Round "3"]
[White "Sadvakasov, Darmen"]
[Black "Vigorito, David"]
[Result "1-0"]
[WhiteElo "2619"]
[BlackElo "2384"]
[PlyCount "73"]
[EventDate "2009.04.08"]
[EventType "swiss"]
[EventRounds "9"]
[EventCountry "USA"]
[SourceTitle "CBM 129 Extra"]
[Source "ChessBase"]
[SourceDate "2009.05.05"]
[SourceVersion "2"]
[SourceVersionDate "2009.05.20"]
[SourceQuality "1"]

1. e4 c5 2. Nf3 d6 3. d4 cxd4 4. Nxd4 Nf6 5. Nc3 a6 6. Be3 e5 7. Nb3 Be6 8. f3 Nbd7 9. g4 Nb6 10. g5 Nh5 11. Qd2 Be7 12. 0-0-0 0-0 13. Kb1 Rc8 14. Rg1 Qc7 15. Qf2 Bd8 16. h4 f5 17. Bh3 Nc4 18. exf5 Bxf5 19. Bxf5 Rxf5 20. Nd5 Qf7 21. Qe2 b5 22. Bc1 Rxf3 23. Nf6+ Rxf6 24. gxf6 Nxf6 25. Bh6 Ne8 26. h5 Kh8 27. Rdf1 Bf6 28. Bg5 Qe7 29. Nd4 Rc7 30. Nf5 Qe6 31. h6 Rf7 32. Bxf6 Qxf6 33. Ka1 e4 34. c3 Qe5 35. hxg7+ Nxg7 36. Nxg7 Rxf1+ 37. Qxf1 1-0

[Event "Carlos Torre Wimbledon 21th"]
[Site "Merida"]
[Date "2008.12.19"]
[Round "3.2"]
[White "Onischuk, Alexander"]
[Black "Sadvakasov, Darmen"]
[Result "1/2-1/2"]
[WhiteElo "2644"]
[BlackElo "2643"]
[PlyCount "58"]
[EventDate "2008.12.17"]
[EventType "k.o."]
[EventRounds "5"]
[EventCountry "MEX"]
[SourceTitle "CBM 127 Extra"]
[Source "ChessBase"]
[SourceDate "2009.01.08"]
[SourceVersion "2"]
[SourceVersionDate "2009.01.28"]
[SourceQuality "1"]

1. d4 Nf6 2. c4 e6 3. Nc3 Bb4 4. Qc2 d5 5. cxd5 exd5 6. Bg5 h6 7. Bxf6 Qxf6 8. a3 Bxc3+ 9. Qxc3 0-0 10. Nf3 Bf5 11. e3 Rc8 12. Bd3 Nd7 13. 0-0 Bg4 14. Ne5 Nxe5 15. dxe5 Qe6 16. e4 dxe4 17. Bxe4 Qb6 18. h3 Be6 19. Rad1 Rd8 20. b4 c6 21. Rd6 Rxd6 22. exd6 Re8 23. Rd1 Qb5 24. Qc5 Qxc5 25. bxc5 Bd7 26. Bf3 b6 27. Rb1 bxc5 28. Rb7 Rd8 29. Rc7 c4 1/2-1/2

[Event "Carlos Torre Wimbledon 21th"]
[Site "Merida"]
[Date "2008.12.18"]
[Round "2.2"]
[White "Sadvakasov, Darmen"]
[Black "Hernandez Guerrero, Gilberto Eduardo"]
[Result "1-0"]
[WhiteElo "2643"]
[BlackElo "2549"]
[PlyCount "77"]
[EventDate "2008.12.17"]
[EventType "k.o."]
[EventRounds "5"]
[EventCountry "MEX"]
[SourceTitle "CBM 127 Extra"]
[Source "ChessBase"]
[SourceDate "2009.01.08"]
[SourceVersion "2"]
[SourceVersionDate "2009.01.28"]
[SourceQuality "1"]

1. e4 e6 2. d4 d5 3. Nc3 Nf6 4. e5 Nfd7 5. f4 c5 6. Nf3 Nc6 7. Be3 Be7 8. Qd2 0-0 9. Be2 a6 10. 0-0 b5 11. a3 Qb6 12. Nd1 Bb7 13. c3 Na5 14. Qe1 Nb3 15. Rb1 f5 16. Kh1 a5 17. Rg1 b4 18. axb4 axb4 19. g4 Ba6 20. Bxa6 Rxa6 21. Qg3 Rf7 22. Bf2 fxg4 23. Qxg4 Qb5 24. Ne3 cxd4 25. Nxd4 Nxd4 26. cxd4 Qd3 27. Qg2 Nf8 28. f5 exf5 29. Nxd5 Ne6 30. Rbc1 Bf8 31. Rc8 Qe2 32. Nf6+ Rxf6 33. exf6 g6 34. d5 Nf4 35. Bc5 Qxg2+ 36. Rxg2 Rxf6 37. Rd2 Rf7 38. Bxb4 Kg7 39. d6 1-0

[Event "Carlos Torre Wimbledon 21th"]
[Site "Merida"]
[Date "2008.12.17"]
[Round "1.2"]
[White "Sadvakasov, Darmen"]
[Black "Borges Matos, Juan R"]
[Result "1-0"]
[WhiteElo "2643"]
[BlackElo "2459"]
[PlyCount "97"]
[EventDate "2008.12.17"]
[EventType "k.o."]
[EventRounds "5"]
[EventCountry "MEX"]
[SourceTitle "CBM 127 Extra"]
[Source "ChessBase"]
[SourceDate "2009.01.08"]
[SourceVersion "2"]
[SourceVersionDate "2009.01.28"]
[SourceQuality "1"]

1. e4 c5 2. Nf3 d6 3. d4 cxd4 4. Nxd4 Nf6 5. Nc3 Nc6 6. Bg5 e6 7. Qd2 a6 8. 0-0-0 Bd7 9. f4 h6 10. Bh4 Nxe4 11. Qe1 Nf6 12. Nf5 Qa5 13. Nxd6+ Bxd6 14. Rxd6 0-0-0 15. Be2 Ne7 16. Bf3 Nf5 17. Bxf6 gxf6 18. Rd1 Qc7 19. g3 Bc6 20. Qf2 Rxd1+ 21. Rxd1 Rd8 22. Rxd8+ Kxd8 23. Bg4 Qa5 24. Bxf5 Qxf5 25. b4 Kc7 26. a4 b6 27. Qd4 Bb7 28. Nd1 h5 29. Ne3 Qe4 30. Qc3+ Kb8 31. Nc4 Qc6 32. Qd4 Kc7 33. Kb2 Bc8 34. a5 bxa5 35. Nxa5 Qb5 36. Ka3 Bd7 37. Nb3 Bc6 38. Qa7+ Qb7 39. Qc5 Qb5 40. Qe7+ Kb8 41. Na5 Be8 42. Nb3 f5 43. Nc5 a5 44. Qd8+ Ka7 45. Qc7+ Ka8 46. bxa5 Bc6 47. Qb6 Be8 48. c4 Qc6 49. Kb4 1-0

[Event "Miami op"]
[Site "Miami"]
[Date "2008.09.14"]
[Round "8"]
[White "Sadvakasov, Darmen"]
[Black "Bartholomew, John"]
[Result "1-0"]
[WhiteElo "2632"]
[BlackElo "2440"]
[PlyCount "49"]
[EventDate "2008.09.10"]
[EventType "swiss"]
[EventRounds "9"]
[EventCountry "USA"]
[SourceTitle "CBM 126 Extra"]
[Source "ChessBase"]
[SourceDate "2008.11.05"]
[SourceVersion "1"]
[SourceVersionDate "2008.11.05"]
[SourceQuality "1"]

1. e4 e6 2. d4 d5 3. Nc3 dxe4 4. Nxe4 Bd7 5. Nf3 Bc6 6. Bd3 Nd7 7. 0-0 Ngf6 8. Ng3 Be7 9. Re1 Bxf3 10. Qxf3 c6 11. c3 0-0 12. Bc2 Re8 13. Bd2 Qb6 14. b3 Bf8 15. Bg5 h6 16. Bd2 g6 17. Ne4 Nxe4 18. Rxe4 f5 19. Re2 Bg7 20. Rae1 Nf8 21. g4 Qc7 22. gxf5 Qf7 23. f6 g5 24. Qg3 Qxf6 25. f4 1-0

[Event "Foxwoods op 10th"]
[Site "Ledyard"]
[Date "2008.03.21"]
[Round "5"]
[White "Sadvakasov, Darmen"]
[Black "Hess, Robert L"]
[Result "1/2-1/2"]
[WhiteElo "2624"]
[BlackElo "2445"]
[PlyCount "41"]
[EventDate "2008.03.19"]
[EventType "swiss"]
[EventRounds "9"]
[EventCountry "USA"]
[SourceTitle "CBM 123 Extra"]
[Source "ChessBase"]
[SourceDate "2008.05.06"]
[SourceVersion "1"]
[SourceVersionDate "2008.05.06"]
[SourceQuality "1"]

1. e4 e5 2. Nf3 Nc6 3. Bb5 a6 4. Ba4 d6 5. c3 Bd7 6. d4 Nge7 7. Be3 Ng6 8. h4 Nf4 9. Bxf4 exf4 10. Nbd2 g6 11. Bb3 Bh6 12. Qe2 Qe7 13. 0-0-0 0-0-0 14. Bc2 Rhe8 15. Rde1 f6 16. Kb1 Bg7 17. Qd1 Qf8 18. Nb3 f5 19. Nbd2 fxe4 20. Nxe4 Bg4 21. Ned2 1/2-1/2

[Event "Philadelphia National op 38th"]
[Site "Philadelphia"]
[Date "2007.11.25"]
[Round "5"]
[White "Sadvakasov, Darmen"]
[Black "Izoria, Zviad"]
[Result "1-0"]
[WhiteElo "2619"]
[BlackElo "2643"]
[PlyCount "81"]
[EventDate "2007.11.23"]
[EventType "swiss"]
[EventRounds "6"]
[EventCountry "USA"]
[SourceTitle "EXT 2012"]
[Source "ChessBase"]
[SourceDate "2011.11.24"]
[SourceVersion "1"]
[SourceVersionDate "2011.11.24"]
[SourceQuality "1"]

1. e4 c6 2. d4 d5 3. Nd2 dxe4 4. Nxe4 Nf6 5. Nxf6+ exf6 6. c3 Bd6 7. Bd3 0-0 8. Qc2 Re8+ 9. Ne2 Kh8 10. Be3 Nd7 11. 0-0-0 Nf8 12. Kb1 Qc7 13. h4 Be6 14. c4 Bg4 15. h5 Bxe2 16. Qxe2 Bf4 17. h6 g6 18. Qf3 Rxe3 19. fxe3 Bg5 20. c5 Re8 21. e4 b6 22. cxb6 axb6 23. Bc4 Kg8 24. Bb3 c5 25. dxc5 bxc5 26. Qd3 Rc8 27. Qd6 Qa7 28. Bc4 Rb8 29. Rh3 Rb6 30. Qd5 Qe7 31. a4 Bf4 32. a5 Rb7 33. Rc3 Rd7 34. Qxf7+ Qxf7 35. Rxd7 Nxd7 36. a6 Qxc4 37. Rxc4 Bb8 38. Rc3 Ba7 39. Rd3 Nb8 40. Rb3 Nxa6 41. Ra3 1-0

[Event "Philadelphia National op 38th"]
[Site "Philadelphia"]
[Date "2007.11.24"]
[Round "4"]
[White "Bartell, Thomas"]
[Black "Sadvakasov, Darmen"]
[Result "0-1"]
[WhiteElo "2377"]
[BlackElo "2619"]
[PlyCount "74"]
[EventDate "2007.11.23"]
[EventType "swiss"]
[EventRounds "6"]
[EventCountry "USA"]
[SourceTitle "EXT 2012"]
[Source "ChessBase"]
[SourceDate "2011.11.24"]
[SourceVersion "1"]
[SourceVersionDate "2011.11.24"]
[SourceQuality "1"]

1. d4 Nf6 2. Nf3 e6 3. c4 b6 4. g3 Bb7 5. Bg2 Be7 6. 0-0 0-0 7. Nc3 Ne4 8. Bd2 f5 9. Rc1 Bf6 10. d5 Na6 11. Ne1 Nac5 12. Nd3 Nxd3 13. exd3 Nxd2 14. Qxd2 e5 15. d6 c6 16. b4 Bg5 17. f4 Bh6 18. d4 e4 19. a4 g6 20. c5 Bg7 21. Rfd1 Rb8 22. Bf1 Kh8 23. Nb1 Re8 24. Na3 e3 25. Qd3 g5 26. Nc2 gxf4 27. gxf4 Bh6 28. Nxe3 Bxf4 29. Ng2 Bxc1 30. Rxc1 Qg5 31. Rc3 Re4 32. Qc4 Qf6 33. Rf3 Rf8 34. Bd3 Qxd4+ 35. Qxd4+ Rxd4 36. Bxf5 Rxb4 37. Ne3 bxc5 0-1

[Event "Miami op"]
[Site "Miami"]
[Date "2007.09.30"]
[Round "8"]
[White "Sadvakasov, Darmen"]
[Black "Krush, Irina"]
[Result "1-0"]
[WhiteElo "2629"]
[BlackElo "2479"]
[PlyCount "67"]
[EventDate "2007.09.26"]
[EventType "swiss"]
[EventRounds "9"]
[EventCountry "USA"]
[SourceTitle "CBM 120 Extra"]
[Source "ChessBase"]
[SourceDate "2007.11.01"]
[SourceVersion "1"]
[SourceVersionDate "2007.11.01"]
[SourceQuality "1"]

1. e4 c5 2. Nf3 a6 3. c3 d5 4. exd5 Qxd5 5. d4 Nf6 6. Be3 cxd4 7. cxd4 e6 8. Nc3 Qd8 9. Bd3 Nc6 10. 0-0 Bd6 11. a3 0-0 12. Bg5 Be7 13. Bc2 b5 14. Qd3 g6 15. Rad1 Bb7 16. Rfe1 Re8 17. Bb1 Qb6 18. Ba2 Rad8 19. b4 a5 20. Qxb5 Qxb5 21. Nxb5 axb4 22. Nc7 Rf8 23. d5 Nxd5 24. Bxd5 Bxg5 25. Bxc6 Bxc6 26. Nxg5 bxa3 27. Ra1 Rd3 28. Na6 Rb3 29. Nc5 Rb5 30. Rec1 Rc8 31. Nce4 Rc7 32. h4 Rbb7 33. Rxa3 h6 34. Nd6 1-0

[Event "Miami op"]
[Site "Miami"]
[Date "2007.09.28"]
[Round "5"]
[White "Nakamura, Hikaru"]
[Black "Sadvakasov, Darmen"]
[Result "1/2-1/2"]
[WhiteElo "2647"]
[BlackElo "2629"]
[PlyCount "110"]
[EventDate "2007.09.26"]
[EventType "swiss"]
[EventRounds "9"]
[EventCountry "USA"]
[SourceTitle "CBM 120 Extra"]
[Source "ChessBase"]
[SourceDate "2007.11.01"]
[SourceVersion "1"]
[SourceVersionDate "2007.11.01"]
[SourceQuality "1"]

1. e4 e6 2. d4 d5 3. Nd2 c5 4. exd5 exd5 5. Ngf3 Nc6 6. dxc5 Bxc5 7. Bd3 Qe7+ 8. Qe2 Nf6 9. Qxe7+ Kxe7 10. 0-0 h6 11. a3 Rd8 12. b4 Bb6 13. Bb2 Kf8 14. Rfe1 a6 15. Nb3 Bd7 16. a4 Re8 17. b5 Rxe1+ 18. Rxe1 axb5 19. axb5 Nb4 20. Bd4 Nxd3 21. cxd3 Bd8 22. Bc5+ Kg8 23. Nbd4 Rc8 24. Bb4 Bb6 25. h3 Ra8 26. Rc1 Nh5 27. Bd6 g5 28. Re1 Re8 29. Rxe8+ Bxe8 30. Nf5 Kh7 31. g4 Ng7 32. Nxg7 Kxg7 33. Be5+ f6 34. Bd4 Ba5 35. b6 Bb5 36. Bc5 Bxd3 37. Nd4 Kf7 38. Kg2 Bc3 39. Kg3 Bd2 40. Bd6 Ke8 41. Nb3 Kd7 42. Bf8 Bf4+ 43. Kf3 Bc2 44. Nc5+ Kc6 45. Ne6 Bd1+ 46. Kg2 Be5 47. Bxh6 Kxb6 48. Bg7 d4 49. Nxg5 Bb3 50. Kf1 Bd5 51. Ke2 Kc5 52. Kd3 Bc4+ 53. Ke4 Bd5+ 54. Kd3 Bc4+ 55. Ke4 Bd5+ 1/2-1/2

[Event "Baku President's Cup 2nd"]
[Site "Baku"]
[Date "2007.05.11"]
[Round "9"]
[White "Sadvakasov, Darmen"]
[Black "Shengelia, Davit"]
[Result "1/2-1/2"]
[WhiteElo "2618"]
[BlackElo "2523"]
[PlyCount "124"]
[EventDate "2007.05.03"]
[EventType "swiss"]
[EventRounds "9"]
[EventCountry "AZE"]
[SourceTitle "CBM 118 Extra"]
[Source "ChessBase"]
[SourceDate "2007.07.04"]
[SourceVersion "1"]
[SourceVersionDate "2007.07.04"]
[SourceQuality "1"]

1. e4 c5 2. Nf3 d6 3. d4 cxd4 4. Nxd4 Nf6 5. Nc3 Nc6 6. Bg5 e6 7. Qd2 Be7 8. 0-0-0 0-0 9. f4 Nxd4 10. Qxd4 Qa5 11. e5 dxe5 12. Qxe5 b5 13. Bd3 Bb7 14. Qxb5 Qxb5 15. Nxb5 Bxg2 16. Rhg1 Bf3 17. Rdf1 Bh5 18. f5 exf5 19. Nd4 Bg6 20. Nxf5 Bc5 21. Rg3 Nh5 22. Rg4 Rfe8 23. b4 Bf8 24. Kb2 Kh8 25. a4 h6 26. Bd2 Nf6 27. Rd4 Red8 28. Rxd8 Rxd8 29. Kb3 Ng4 30. Bc3 f6 31. h3 Ne5 32. Bxe5 fxe5 33. a5 Bf7+ 34. Bc4 Bxc4+ 35. Kxc4 g6 36. Ng3 Rd4+ 37. Kb5 Rxb4+ 38. Ka6 Bc5 39. c3 Rh4 40. Kb5 Be3 41. Rf3 Bd2 42. Rd3 Bg5 43. Rd7 Be3 44. c4 a6+ 45. Kxa6 Rxc4 46. Kb5 Rh4 47. a6 Kg8 48. a7 Bxa7 49. Rxa7 Rxh3 50. Ne4 Rf3 51. Kc5 Rf7 52. Ra6 Kg7 53. Kd6 h5 54. Ke6 h4 55. Nd6 Rf1 56. Ra4 g5 57. Kxe5 Kg6 58. Ra6 g4 59. Ne4+ Kg7 60. Ra7+ Kg6 61. Ra8 Kg7 62. Ra7+ Kg6 1/2-1/2

[Event "Dubai op 09th"]
[Site "Dubai"]
[Date "2007.04.30"]
[Round "9"]
[White "Pantsulaia, Levan"]
[Black "Sadvakasov, Darmen"]
[Result "1/2-1/2"]
[WhiteElo "2616"]
[BlackElo "2618"]
[PlyCount "60"]
[EventDate "2007.04.22"]
[EventType "swiss"]
[EventRounds "9"]
[EventCountry "UAE"]
[SourceTitle "CBM 118 Extra"]
[Source "ChessBase"]
[SourceDate "2007.07.04"]
[SourceVersion "1"]
[SourceVersionDate "2007.07.04"]
[SourceQuality "1"]

1. Nf3 d5 2. c4 e6 3. d4 c6 4. cxd5 exd5 5. Nc3 Bf5 6. Bf4 Bd6 7. Bxd6 Qxd6 8. e3 Nd7 9. Bd3 Ne7 10. 0-0 0-0 11. a3 a5 12. Rc1 h6 13. Na4 Bg4 14. Nc5 Nxc5 15. Rxc5 f5 16. Re1 Kh8 17. Be2 Bxf3 18. Bxf3 a4 19. g3 g5 20. Rc2 Rf6 21. Bg2 Raf8 22. Rce2 b5 23. f3 Qd7 24. Qd3 Rd8 25. e4 f4 26. e5 Rff8 27. g4 Qe6 28. Rc2 Kg7 29. Rec1 Rb8 30. Qd2 h5 1/2-1/2

[Event "Dubai op 09th"]
[Site "Dubai"]
[Date "2007.04.29"]
[Round "8"]
[White "Sadvakasov, Darmen"]
[Black "Megaranto, Susanto"]
[Result "1/2-1/2"]
[WhiteElo "2618"]
[BlackElo "2530"]
[PlyCount "43"]
[EventDate "2007.04.22"]
[EventType "swiss"]
[EventRounds "9"]
[EventCountry "UAE"]
[SourceTitle "CBM 118 Extra"]
[Source "ChessBase"]
[SourceDate "2007.07.04"]
[SourceVersion "1"]
[SourceVersionDate "2007.07.04"]
[SourceQuality "1"]

1. e4 d5 2. exd5 Qxd5 3. Nc3 Qa5 4. d4 c6 5. Nf3 Nf6 6. Bc4 Bf5 7. Bd2 Qc7 8. Qe2 e6 9. 0-0-0 Bb4 10. Ne5 Nbd7 11. Nxd7 Nxd7 12. g4 Bg6 13. h4 h5 14. Bxe6 0-0-0 15. Bf5 Bxf5 16. gxf5 Nf6 17. Qc4 Bxc3 18. Qxc3 Rd5 19. Rhg1 Rhd8 20. Qa3 a6 21. Bg5 Rxf5 22. Qh3 1/2-1/2

[Event "Dubai op 09th"]
[Site "Dubai"]
[Date "2007.04.25"]
[Round "4"]
[White "Sadvakasov, Darmen"]
[Black "Alavi, Sayed Javad"]
[Result "1-0"]
[WhiteElo "2618"]
[BlackElo "2485"]
[PlyCount "65"]
[EventDate "2007.04.22"]
[EventType "swiss"]
[EventRounds "9"]
[EventCountry "UAE"]
[SourceTitle "CBM 118 Extra"]
[Source "ChessBase"]
[SourceDate "2007.07.04"]
[SourceVersion "1"]
[SourceVersionDate "2007.07.04"]
[SourceQuality "1"]

1. e4 c6 2. d4 d5 3. exd5 cxd5 4. c4 Nf6 5. Nc3 e6 6. Nf3 Bb4 7. cxd5 Nxd5 8. Qc2 Nc6 9. Bd3 Nf6 10. 0-0 0-0 11. Rd1 Be7 12. a3 g6 13. Bh6 Re8 14. Bc4 Nd5 15. Qe4 Nf6 16. Qe2 Nd5 17. Rac1 Bf6 18. Ne4 Bg7 19. Bg5 f6 20. Bh4 a6 21. Bg3 Re7 22. Ba2 Bh6 23. Rc5 Kg7 24. Qc2 Rd7 25. h4 Nce7 26. Neg5 Qg8 27. Re1 Rd8 28. Qe2 Bxg5 29. hxg5 f5 30. Be5+ Kf8 31. Bf6 Rd6 32. Qe5 Rd8 33. Bxd5 1-0

[Event "Calatrava op rapid 2nd"]
[Site "Calatrava"]
[Date "2007.04.08"]
[Round "9"]
[White "Sadvakasov, Darmen"]
[Black "Gelfand, Boris"]
[Result "0-1"]
[WhiteElo "2615"]
[BlackElo "2733"]
[PlyCount "60"]
[EventDate "2007.04.06"]
[EventType "swiss (rapid)"]
[EventRounds "9"]
[EventCountry "ESP"]
[SourceTitle "CBM 117 Extra"]
[Source "ChessBase"]
[SourceDate "2007.05.09"]
[SourceVersion "1"]
[SourceVersionDate "2007.05.09"]
[SourceQuality "1"]

1. e4 c5 2. Nf3 d6 3. Bb5+ Nc6 4. 0-0 Bd7 5. Re1 Nf6 6. c3 a6 7. Bf1 Bg4 8. d3 e6 9. Nbd2 d5 10. h3 Bh5 11. Qe2 Qc7 12. a3 Be7 13. g4 Bg6 14. Nh4 dxe4 15. dxe4 Nd7 16. Ndf3 Bd6 17. Bg2 0-0-0 18. b4 Nde5 19. Nxe5 Bxe5 20. Bd2 Rd7 21. Rac1 Rhd8 22. Be3 Bh2+ 23. Kh1 Bf4 24. a4 Rd3 25. Qf3 Bxe3 26. Rxe3 Ne5 27. Qg3 cxb4 28. f4 Rxe3 29. Qxe3 Nd3 30. Rf1 bxc3 0-1